Lịch sử thế giới trung đại Giáo trình đào tạo giáo viên Trung học cơ sở hệ Cao đẳng sư phạm
Tình hình kinh tế, chính trị, văn hoá xã hội của một số quốc gia và khu vực trên thế giới thời trung đại như: Trung Quốc, ấn Độ, A Rập, Đông Nam á, Tây Âu.
Salvato in:
| Autore principale: | |
|---|---|
| Altri autori: | , |
| Natura: | Libro |
| Lingua: | Vietnamese |
| Pubblicazione: |
H.
Giáo dục
2000
|
| Serie: | Sách Cao đẳng sư phạm
|
| Soggetti: | |
| Tags: |
Aggiungi Tag
Nessun Tag, puoi essere il primo ad aggiungerne! !
|
| Thư viện lưu trữ: | Mạng thư viện Đại học Đà Nẵng |
|---|
| LEADER | 01648nam a22004098a 4500 | ||
|---|---|---|---|
| 001 | 000009847 | ||
| 003 | 6045 | ||
| 005 | 20111103101122.0 | ||
| 008 | 111103s2000 b 000 0 vieod | ||
| 020 | |c 8800đ |d 2000b | ||
| 041 | 0 | |a vie | |
| 080 | |a 9(T)1(070.1) | ||
| 082 | |a 909.07 |b NG-V | ||
| 084 | |a P3(0)4n3 |b L000ị | ||
| 100 | 1 | |a Nghiêm Đình Vỳ | |
| 245 | 1 | 0 | |a Lịch sử thế giới trung đại |b Giáo trình đào tạo giáo viên Trung học cơ sở hệ Cao đẳng sư phạm |c Nghiêm Đình Vỳ(ch.b), Lại Bích Ngọc, Dương Duy Bằng |
| 260 | |a H. |b Giáo dục |c 2000 | ||
| 300 | |a 124tr |c 24cm | ||
| 490 | |a Sách Cao đẳng sư phạm | ||
| 500 | |a ĐTTS ghi: Bộ Giáo dục và Đào tạo | ||
| 520 | |a Tình hình kinh tế, chính trị, văn hoá xã hội của một số quốc gia và khu vực trên thế giới thời trung đại như: Trung Quốc, ấn Độ, A Rập, Đông Nam á, Tây Âu. | ||
| 653 | |a Lịch sử trung đại | ||
| 653 | |a Giáo trình | ||
| 653 | |a Thế giới | ||
| 700 | 1 | |a Lại Bích Ngọc |e Tác giả | |
| 700 | 1 | |a Dương Duy Bằng |e Tác giả | |
| 910 | |a Nguyễn Thị Kim Oanh |d 3/11/2011 | ||
| OWN | |a LSP | ||
| AVA | |a UDN50 |b LSP |d 909.07 NG-V |e available |t Error 5001 Not defined in file expand_doc_bib_avail. |f 1 |g 0 |h N |i 0 |k 1 | ||
| 999 | |a From the UDN01 | ||
| AVA | |a UDN50 |b LSP |d 909.07 NG-V |e available |t Error 5001 Not defined in file expand_doc_bib_avail. |f 1 |g 0 |h N |i 0 |k 1 | ||
| TYP | |a Monograph | ||
| TYP | |a Printed language | ||
| 980 | |a Mạng thư viện Đại học Đà Nẵng | ||